| 000 | 00468nam a22001577a 4500 | ||
|---|---|---|---|
| 003 | MACL | ||
| 005 | 20170326133920.0 | ||
| 008 | 170326b xxu||||| |||| 00| 0 eng d | ||
| 040 | _cMACL | ||
| 082 | _a333/Cha | ||
| 100 |
_aPranav Kumar Chattopadhayay _966881 |
||
| 245 | _aGlobalization, agrarian Economy aand Environmental Challenges in india | ||
| 260 |
_aNew Delhi _bConcept Publishing company Pvt Ltd _c2015 |
||
| 650 |
_a333/Environment _966882 |
||
| 942 |
_2ddc _cBK |
||
| 999 |
_c56153 _d56153 |
||